000 00337nam a2200145Ia 4500
005 20251222153554.0
008 251222s9999||||xx |||||||||||||| ||spa||
020 _a9788496952089
082 _a823/K84
100 _aKrueger, William Kent
245 0 _aEl Susurro del Wéndigo
250 _a1ra.ed.
264 _bPàmies
942 _cLIB
999 _c30952
_d30952